00333nam a2200145Ia 4500008004100000041000800041082001700049100001500066245002400081250001200105260001800117300000800135365001600143700002800159230718s9999 xx 000 0 und d aeng a621.381bBIG aBignell J. aDigital Electronics a5th ed. c2007bCengage a710 cRs.b429.00 aBignell J. & Donovan R.